053_ Personnalités nées un 22 février par images - Statistiques

Statistiques générales
  • Ce quiz a été pris 23 fois
  • Le résultat moyen est 2 sur 9
Statistiques - réponses
Par images Hint Réponse % Correct
Dirigeant Politique George Washington
91%
Philosophe Arthur Schopenhauer
23%
Roi Charles VII
18%
Dessinateur François Cavanna
18%
Dirigeant Politique Jean-Bedel Bokassa
18%
Actrice Julie Walters
9%
Athlète Kévin Borlée
9%
Réalisateur Jonathan Demme
5%
Chanteuse Linda de Suza
5%
Aucun quiz correspondant
Distribution des résultats
% des personnes avec chaque résultat
Percentile par nombre de réponses
Votre historique - résultats
Vous n’avez pas pris ce quiz